Name a Smash Bros Character A-Z - Statistics

General Stats
  • This quiz has been taken 70 times
  • The average score is 18 of 21
Answer Stats
Letter Character(s) % Correct
L Link | Little Mac | Lucario | Lucas | Lucina | Luigi
98%
M Mario | Marth | Mega Man | Meta Knight | Mewtwo | Mii Brawler | Mii Gunner | Mii Swordfighter | Min Min | Mr. Game & Watch | Mythra
98%
P Pac-Man | Palutena | Peach | Pichu | Pikachu | Piranha Plant | Pit | Pokémon Trainer | Pyra
98%
S Samus | Sephiroth | Sheik | Shulk | Simon | Snake | Sonic | Sora | Squirtle | Steve
98%
C Captain Falcon | Charizard | Chrom | Cloud | Corrin
96%
D Daisy | Dark Pit | Dark Samus | Diddy Kong | Donkey Kong | Dr. Mario | Duck Hunt
96%
K Kazuya | Ken | King Dedede | King K. Rool | Kirby
94%
W Wario | Wii Fit Trainer | Wolf
94%
I Ice Climbers | Ike | Incineroar | Inkling | Isabelle | Ivysaur
92%
Z Zelda | Zero Suit Samus
92%
B Banjo & Kazooie | Bayonetta | Bowser | Bowser Jr. | Byleth
91%
F Falco | Fox
87%
R Richter | Ridley | R.O.B. | Robin | Rosalina & Luma | Roy | Ryu
87%
G Ganondorf | Greninja
81%
J Jigglypuff | Joker
79%
T Terry | Toon Link
75%
O Olimar
74%
Y Yoshi | Young Link
74%
N Ness
70%
V Villager
58%
H Hero
47%
No matching quizzes found
Score Distribution
Percent of People with Each Score
Percentile by Number Answered
Your Score History
You have not taken this quiz